000 00766cam a2200277 4500
001 31834
005 20230410101711.0
008 740619s1974 nyua b 001 0 eng
035 _9(DLC) 73081447
035 _a2670147
010 _a73081447
020 _a0385078005
_a0385093780 (pbk.)
040 _aDLC
_cDLC
_dDLC
043 _anwht---
050 1 4 _a110 N 6606
_bR693m 1974
082 0 0 _a709/.7294
100 1 _aRodman, Selden,
_d1909-2002
245 1 4 _aThe miracle of Haitian art /
_cSelden Rodman.
250 _a[1st ed.]
260 _aGarden City, N.Y.,
_bDoubleday
_c[1974]
300 _a95 p.
_billus. (part col.)
_c25 cm.
350 _a$4.95
504 _aIncludes bibliographical references.
650 0 _aArt, Haitian.
942 _2lcc
_cbk
999 _c12327
_d12327